000 00813nam a2200229 a 4500
001 BRCA_2076
005 20190320203646.0
008 080808s2004----mx-a---###---#000-0#spa-#
020 _a9684234619
050 4 _aN910.C63
_b.N33 2004
245 1 0 _aNace un museo
_ctextos José Pinto Mazal ... [ et al.] ; fotografías Gerardo Suter, Javier Hinojosa.
260 _aMéxico
_bJus
_c2004
300 _a110 p.
_bil. a color
_c30 cm.
500 _a2do. ejemplar en el Área de Investigación
610 2 4 _aCentro Cultural Arocena Laguna (Torreón, Coahuila, México)
_96309
650 1 4 _aMuseos de arte
_xHistoria
_zMéxico
_96310
650 1 4 _aMuseos
_xHistoria
_zCoahuila, México
_96311
700 1 _aPinto Mazal, José
_92692
700 1 _aSuter, Gerardo
_92694
700 1 _aHinojosa, Javier
_94884
942 _2lcc
_cB
999 _c1833
_d1833